Statistics for A Quiz About Zoroastrianism

Click here to take the quiz!

General Stats

  • This quiz has been taken 106 times
  • The average score is 10 of 20

Answer Stats

HintAnswer% Correct
The most important prophetZoroaster
91%
Country with the most ZoroastriansIndia
86%
"Great" Kings of ancient Persia
who were Zoroastrians
Cyrus
76%
"Great" Kings of ancient Persia
who were Zoroastrians
Darius
69%
Creator and highest deityAhura {Mazda}
68%
"Great" Kings of ancient Persia
who were Zoroastrians
Xerxes
66%
Name of the Persian empire that
adopted the religion first
Achaemenid
Empire
61%
Public place of worship{Fire} Temple
59%
Last Zoroastrian Persian empire that
was invaded by the Muslims
Sasanian
Empire
55%
The most famous ZoroastrianFreddie Mercury
52%
Another name for the aboveZarathustra
52%
Zoroastrians who migrated to
that country after an Islamic invasion
Parsis
51%
Central religious textAvesta
48%
The Zoroastrian New YearNowruz
29%
Religious capital of ZoroastrianismYazd
29%
What the name of the above meansLord of {Wisdom}
27%
Longest and darkest night of the yearYaldā
16%
Opposition to the aboveDruj
6%
Term that implicates truth or
right workings
Asha
5%
Priest with the highest authorityDastur
5%

Score Distribution

Percentile by Number Answered

Percent of People with Each Score

Your Score History

You have not taken this quiz